[Event "RUS-ch"]
[Site "Krasnodar"]
[Date "2002.08.27"]
[Round "1"]
[White "Lastin, Alexander"]
[Black "Hasangatin, Ramil"]
[Result "1/2-1/2"]
[WhiteElo "2625"]
[BlackElo "2517"]
[Annotator "Golod,V"]
[PlyCount "77"]
[EventDate "2002.08.27"]
[EventType "swiss"]
[EventRounds "9"]
[EventCountry "RUS"]
[SourceTitle "CBM 091"]
[Source "ChessBase"]
[SourceDate "2002.11.12"]
[SourceVersion "1"]
[SourceVersionDate "2002.11.12"]
[SourceQuality "1"]

1. e4 c5 2. Nf3 Nc6 3. d4 cxd4 4. Nxd4 e6 5. Nc3 Bb4 {[%mdl 4] Rare move.} 6.
Nxc6 {Differently,white,even can not expect for minimal advantage.} dxc6 {
It's best move.Much worse is:} (6... bxc6 {because of:} 7. Qd4 {[%csl Rb4,Rg7]}
Bf8 8. e5 $14) ({or} 6... Bxc3+ 7. bxc3 bxc6 (7... dxc6 $143 8. Qxd8+ Kxd8 9.
Ba3 {[%csl Ga1,Gd1,Rd8,Ye1][%cal Ga3f8,Ga1d1,Ye1c1]}) 8. Qd6 {with strong
pressure of white.}) 7. Qxd8+ ({After:} 7. Qg4 {black equalizes:} Qf6 8. Bd2 e5
9. Qg3 h6 10. O-O-O Ne7 $11 {Movsesian,S-Hasangatin,R/Trencianske Teplice,2002
(1-0)(46)}) 7... Kxd8 8. Bf4 ({Is a possible continuation of the play:} 8. Bd2
$5 Bd7 9. O-O-O Nh6 10. e5 Ng4 11. Ne4 Bxd2+ 12. Rxd2 Kc7 (12... Nxe5 $2 13. f4
Ng6 14. Nc5 {[%csl Rb7,Rd7]} Nf8 15. Nxb7+ $16) 13. f4 Rhf8 14. g3 Ne3 15. Be2
f6 16. Rd3 Nd5 17. Nc5 Bc8 18. c4 Nb4 19. Rb3 a5 20. exf6 gxf6 21. a3 Na6 22.
Nxa6+ Rxa6 23. c5 Ra8 24. Re1 $14 {Ribli,Z-Sveshnikov,E/URS,1969(1-0)(60)})
8... Nf6 9. O-O-O+ Ke7 ({Before Ramil Hasangatin played more cautiously:} 9...
Ke8 $5 10. f3 (10. Bd3 $5) 10... Nd7 11. Nb1 e5 12. Bg3 Ke7 13. Nd2 f6 14. Be2
b5 15. c4 Ba6 16. Bf2 Bc5 17. Bxc5+ Nxc5 18. Nb3 Nxb3+ 19. axb3 b4 20. Kd2 c5
$11 {Jansa,V-Hasangatin,R/CZE,2002(1/2-1/2)(51)}) 10. Be5 $5 $146 ({Were
checked in the preceding games:} 10. f3 Rd8 11. Bd3 (11. Rxd8 Kxd8 12. Be2 Nh5
13. Rd1+ {+/=/= Simmchen,W-Rosen,W/GER,1994(1-0)(20)}) 11... Nh5 (11... h6 $143
12. g4 Nd7 13. Bc7 Re8 14. e5 $14 {Campora,D-Paglilla,C/Buenos Aires,1986(1-0)
(32)}) 12. Bg5+ f6 13. Bd2 Bd6 14. Ne2 e5 15. g4 $6 (15. g3 $142 {Blatny,P} Be6
$10) 15... Nf4 16. Nxf4 exf4 {=/=/+ Gazik,I-Langner,L/Ostrava,1991/CBM 26(0-1)
(Blatny,P)(49)}) 10... Ng4 ({Pretty dubiously:} 10... Bxc3 11. Bxc3 Nxe4 {
because of:} 12. Bxg7 Rg8 13. Bd4 $14 {[%csl Yd4,Rf2][%cal Yd4f2]} e5 $140 $6
14. Re1 {[%csl Re7]}) 11. Bg3 f6 {[%cal Ge6e5]} 12. h3 ({Weakly:} 12. Na4 {
in view of:} e5 13. a3 Ba5) ({and} 12. a3 {because of:} Bxc3 13. bxc3 e5 {
[%csl Ye5,Yf6,Gg3]}) 12... Ne5 ({After:} 12... Nh6 $6 13. a3 {[%csl Yb4,Rd6,
Gg3] White grasp the control above a /^a3-f8.}) 13. f4 Nf7 14. e5 $1 {[%cal
Gc3e4] +/=/=} Bxc3 {Just in time!} 15. bxc3 Bd7 16. Bh4 Rad8 {[%cal Gd7c8]
with the idea to exchange all rooks.} 17. Bc4 Bc8 18. Rde1 {From my point of
view,white fairly deviate from exchange.} b5 19. Bd3 ({Leads to equality:} 19.
Bb3 $6 c5 {[%csl Rb3][%cal Gc5c4]} 20. c4 bxc4 21. Ba4 (21. Bxc4 $143 Rd4 {
[%csl Rc4,Rf4]}) 21... Bd7 $11) 19... Rd5 20. Rhf1 Rhd8 21. Rf3 $14 {[%cal
Gf3g3] White,step by step,strengthen the position and create the certain
threats.} h6 22. c4 {It is necessary to improve a pawns structure!} ({Now:} 22.
Rg3 $4 {is refuted by:} g5 {[%csl Rh4]} 23. exf6+ Kf8 (23... Kd6 $5 {[%csl Rh4]
} 24. c4 bxc4 25. Bxc4 Rd4) 24. Bh7 $140 {[%csl Rf8]} Ke8 $17) 22... bxc4 23.
Bxc4 Rd4 24. exf6+ ({Can be recommended:} 24. Bb3 $5 {[%cal Gh4f2]} Nxe5 $140
25. Rxe5 $1 g5 $8 26. fxg5 fxe5 27. g4 $1 {with obvious advantage of white.})
24... gxf6 25. Bb3 {[%cal Gh4f2]} Nd6 26. Bf2 Re4 27. Rd1 ({It deserves
attention:} 27. Rxe4 Nxe4 28. Bxa7 c5 29. Rd3 $1 $16 Rd7 30. Rxd7+ Kxd7 31. g4
Kc7 32. Bc4 Kb7 33. Bd3 {[%csl Rc5,Ye4][%cal Gd3e4,Ye4c5]}) 27... Nc4 28. Rxd8
$6 ({It was much better:} 28. Bxa7 $5) 28... Kxd8 {[%csl Rc1]} 29. Rd3+ $2 {
White with persistence do not want to take away of the pawn "a7":} (29. Bxc4
Rxc4 30. Bxa7 Ra4 31. Bb6+ Ke8 32. a3 {+/=/+/-}) 29... Kc7 30. Rd4 Re2 31. Bh4
Na5 32. Ba4 (32. Rd2 $143 Rxd2 33. Kxd2 Nxb3+ 34. axb3 f5 $11 {[%csl Yc8,Gh4]})
32... c5 $1 33. Rd2 {After this mistake,white lose the rest advantage.It was
necessary:} (33. Rd1 Rxg2 (33... Re4 $143 34. Be8 Nc4 35. Bxf6 Rxf4 36. Bg7 {
[%csl Rh6]}) 34. Bxf6 Nc6 {+/=/=}) 33... Re4 34. Bb5 Kb6 35. Be2 Nc4 $11 (35...
Rxf4 $2 36. Rd6+ Kc7 (36... Nc6 $2 37. Bf3 Bb7 38. Bg3 {[%csl Re6]}) 37. Bg3
Kxd6 38. Bxf4+ e5 39. Bxh6 $14) 36. Bxc4 Rxc4 37. Rf2 f5 38. Bf6 h5 39. g3
1/2-1/2

[Event "Dos Hermanas 10th"]
[Site "Dos Hermanas"]
[Date "1999.04.14"]
[Round "7"]
[White "Svidler, Peter"]
[Black "Illescas Cordoba, Miguel"]
[Result "1/2-1/2"]
[WhiteElo "2713"]
[BlackElo "2585"]
[Annotator "Golod,V"]
[PlyCount "51"]
[EventDate "1999.04.06"]
[EventType "tourn"]
[EventRounds "9"]
[EventCountry "ESP"]
[EventCategory "19"]
[SourceTitle "CBM 071"]
[Source "ChessBase"]
[SourceDate "1999.08.01"]
[SourceVersion "1"]
[SourceVersionDate "1999.08.01"]
[SourceQuality "1"]

1. e4 c5 2. Nf3 e6 3. d4 cxd4 4. Nxd4 Nf6 5. Nc3 Nc6 6. Nxc6 bxc6 7. e5 Nd5 8.
Ne4 Bb7 $5 (8... Qc7 $5 {-see comments to Hector,J-Ziegler,A/Goteborg,1999/CBM
69(1-0)(Golod,V)(37) Besides:8...Qa5;8...f5;8...Qh4;8...Ba6;8...Be7;8...Qb6;8..
.c5 and 8...h6-was checked in the previous games.}) 9. Be2 ({Can be
recommended:} 9. c4 $5 {-you can see comments to game Kasparov,G-Leko,P/
Linares,1999/CBM 70(1/2-1/2)(Golod,V)(48)}) 9... c5 $5 {/^a8-h1,/\Qc7(קe5)}
10. O-O {with the idea c4,Nd6} ({Worse is:} 10. c4 {in view of:} Ne3 $1 11.
Bxe3 Bxe4 12. f3 Bc6 $11) 10... Qc7 11. Nd6+ ({After:} 11. f4 {black has two
equals options: 11...c4 or 11... f5}) 11... Bxd6 12. exd6 Qc6 $5 {[%csl Gb7,
Gc6,Rg2]} ({Another alternative is:} 12... Qb6) 13. f3 ({Dubious:} 13. Bf3 {
because of:} c4) 13... c4 {/\Rc8,Qd6} 14. Qd4 {[%csl Rc4,Rg7]} O-O 15. Bxc4 {
with the idea:16.Bb3 or 16.Bd3 and 17.c4} Qxd6 16. Rd1 $146 {[%mdl 8]} ({After:
} 16. Bb3 Qb6 $1 {Black transfers to nearly egual endgame. See comments to
Kasparov,G-Leko,P/Linares,1999/CBM 70(1/2-1/2)(Golod,V)(48)}) 16... Rfc8 $5 {
/\Qb6} ({Dubious right away:} 16... Qb6 {in view of:} 17. Bxd5 $1 (17. Bb3 $143
Rfc8 $11) 17... Bxd5 18. b3 {[%cal Gc1a3]} Bc6 19. Ba3 Qxd4+ 20. Rxd4 Rfc8 21.
Bd6 {and white has a slight positional advantage in the endgame.}) ({Badly:} 
16... e5 {because of:} 17. Qf2 $1 (17. Bf4 $6 {[%csl Gd4,Rd6,Gf4]} Qb6 $1 (
17... exf4 $2 18. Bxd5 Bxd5 19. Qxd5 Qb6+ 20. Qd4 {+/=/+/-_|_}) 18. Bxe5 $8 Ne3
19. Qxb6 axb6 20. Rd4 Ra5 $5 $11 (20... Nxc2 $5 21. Rg4 g6 22. Rc1 Ne3 $11))
17... Rfc8 18. Bb3 $16 {[%csl Rd5]}) 17. Bd3 $6 (17. Bb3 $5 Qb6 {-transfers to
game Kasparov,G-Leko,P/Linares,1999/CBM 70(1/2-1/2)(Golod,V)(48)}) 17... Qb6
$11 18. Qxb6 Nxb6 $5 {with the idea d5,a5 and Ba6} ({Slightly worse is:} 18...
axb6) 19. a4 {[%csl Rb6][%cal Ga4a5]} a5 {[%cal Gb7a6]} 20. Be3 Nd5 (20... Nc4
$2 21. Bxc4 Rxc4 22. Rxd7 Bc6 {[%csl Ra4,Rc2]} 23. Rd2 Rxa4 (23... Bxa4 $4 24.
b3 $18 {[%csl Ra4,Rc4]}) 24. Rad1 $14) 21. Bd2 Nb6 $1 {/\d5 or Nc4} 22. b3 d5
23. Bb5 d4 $5 {[%csl Rc2,Yd4][%cal Yd4e3,Gb6d5]} ({After:} 23... Rxc2 24. Be3 {
[%csl Rb6]} Nc8 $6 (24... d4 $5 25. Bxd4 Nd5 $11) 25. Rac1 Rxc1 26. Rxc1 Nd6
27. Rc7 {white has a strong compensation behind pawn.}) 24. Bf4 Nd5 $5 (24...
Rxc2 $143 25. Rxd4 Nd5 26. Bd2 {[%csl Ra5] +/=/=}) 25. Be5 (25. Rxd4 Nxf4 $5 (
25... Rxc2 $143 26. Bd2 {[%csl Ra5] +/=/=}) 26. Rxf4 Rxc2 $11 {[%cal Gb7d5]})
25... Rxc2 26. Bxd4 $11 1/2-1/2

[Event "Candidates final"]
[Site "Dortmund"]
[Date "2002.07.18"]
[Round "1"]
[White "Leko, Peter"]
[Black "Topalov, Veselin"]
[Result "1-0"]
[WhiteElo "2722"]
[BlackElo "2745"]
[Annotator "Golod,V"]
[PlyCount "161"]
[EventDate "2002.07.18"]
[EventType "match"]
[EventRounds "4"]
[EventCountry "GER"]
[SourceTitle "CBM 090"]
[Source "ChessBase"]
[SourceDate "2002.09.20"]
[SourceVersion "1"]
[SourceVersionDate "2002.09.20"]
[SourceQuality "1"]

1. e4 {Ftacnik} c5 2. Nf3 e6 3. d4 cxd4 4. Nxd4 Nf6 5. Nc3 Nc6 6. Nxc6 bxc6 7.
e5 Nd5 8. Ne4 Bb7 $5 {For the first time 8...Bb7 has entered in practice by
Leko in his game against Garry Kasparov in Linares 1999.} 9. Be2 ({Is a
possible continuation of the play:} 9. c4 {See comments to Movsesian,S-Gavric,
M/Neum,2002/CBM 90(1-0)(Golod,V)(32)}) 9... c5 10. O-O Qc7 11. Nd6+ Bxd6 12.
exd6 Qc6 13. f3 c4 14. Qd4 O-O 15. Bxc4 Rfc8 {This move twice applied Grischuk
in games against Garry Kasparov.} ({This position, with change of colours,
already was met in a game by the same contender:} 15... Qxd6 16. Rf2 Qb6 17.
Qh4 Rac8 18. b3 Ne3 19. Bd3 Nf5 20. Qf4 Qd4 21. Qxd4 Nxd4 22. Be3 Nc6 23. Bc5
Rfe8 24. Bd6 $14 {Topalov,V-Leko,P/Dubai,2002(1-0)(64)}) 16. b3 Qxd6 17. Rf2 ({
Comments to:} 17. Bb2 {and also 20.c3 you cand find in annotations to games:
Kasparov,G-Grischuk,A/Cannes,2001/CBM 82(1/2-1/2)(Golod,V)(48)}) 17... Qb6 18.
Bb2 {[%csl Gb2,Gd4,Rg8]} Qxd4 19. Bxd4 Nb4 {[%csl Gd7,Ge6][%cal Gd7d5] Black
wants to start to move the central pawns.} 20. c3 d5 ({It deserves attention:} 
20... Nc6 $5 21. Be3 d5 22. Bf1 Ne7 {[%cal Ge7f5] +/=/=}) 21. Bf1 ({Leads to
minimal advantage of white:} 21. Bb5 Nc6 22. Bxc6 Rxc6 23. Re1 f6 24. f4 Ba6
25. Rd2) 21... Nc6 22. Be3 Ne7 $6 $146 ({From my point of view it is more
logically at first:} 22... a5 {[%cal Ga5a4]} 23. a4 $140 {(now for white it
will be very difficult to advance the PP on the queen side) and only now:} Ne7
{You can see comments to Kasparov,G-Grischuk,A/Cannes,2001/CBM 82(1/2-1/2)
(Golod,V)(48)}) 23. Rc1 a5 (23... f6 $5 {[%cal Gg8f7]}) 24. Rfc2 e5 ({Now
senseless:} 24... a4 $6 {in view of:} 25. b4 {[%csl Rc5,Re7][%cal Ge3c5] /\Bc5
and c4}) 25. c4 f6 {'?!' Ftacnik. Ftacnik: 'This solid defensive move is not
good enough to equalize for black against white's queenside pawn majority and
bishop's pair. Much more promising seems 25...d4!? with better chances to keep
balance.'} ({It was necessary to decide on a more risky continuation:} 25... d4
26. Bf2 {[%cal Ga2a3,Gb3b4] but,keeping thus determined counterplay} Rd8 {
[%csl Gd4,Ge5][%cal Gf7f5]} (26... f6 $13 {Ftacnik})) 26. cxd5 Rxc2 27. Rxc2
Nxd5 28. Bd2 $14 {[%csl Ya2,Ra5,Yb3,Gd2,Gf1][%mdl 4096]} a4 (28... Nb4 {Ftacnik
} 29. Rc5 Rd8 30. Be1 Nxa2 31. Bc4+ Kh8 32. Rc7 Bc8 33. Bxa5 $16) 29. bxa4 Rxa4
{Now white pawn "a2" can become a determinative factor for a victory.} 30. Bb5
Ra8 ({Black can not keep the pawn in point "a2":} 30... Ra3 31. Bc4 {/\Bc1 ,
Bb3 and so on.} Ra8 32. Rb2 Ra4 33. Bb5 Ra3 34. Bd7 $16) 31. a4 Kf8 ({Can be
recommended:} 31... Ba6 32. Bc6 Rd8 $14 {[%cal Yg8f7,Yf7e6]}) 32. a5 Ba6 ({
After:} 32... Ke7 33. Bd3 {[%csl Rh7] white begins pressure on weak king side
of contender.}) 33. Ba4 (33. Rc5 {Ftacnik} Bxb5 34. Rxb5 Nc7 35. Rc5 Ne6 $14)
33... Rb8 (33... Ke7 {Ftacnik} 34. Rc5 Bb7 35. Bc1 $14) 34. Kf2 Rb1 {[%csl Rf2]
[%cal Gd5f4]} 35. Rc1 Rb2 $5 {Without a rooks black will be completely
deprived a counterplay!} (35... Rxc1 {Ftacnik} 36. Bxc1 Ke7 $14) 36. Rc2 {
Sometimes it is desirable to repeat the moves.} Rb1 (36... Rxc2 $6 {Ftacnik}
37. Bxc2 g6 38. Be4 $16) 37. Kg3 {[%csl Rf4,Yg3][%cal Yg3f4]} Ne7 ({Weakly:} 
37... g5 $2 38. Rc6 {[%csl Rf6]} Bb7 39. Rd6 {[%cal Ga5a6]} Ke7 40. Rd7+ Ke6
41. Rxh7 $16) ({and also} 37... Nf4 $2 38. Rc6 Bf1 39. Bc2 Ra1 40. Bxh7 $16 {
[%csl Rf8]}) (37... Ke7 {Ftacnik} 38. Rc5 $16) 38. Bd7 Kf7 39. Rc7 Rb2 40. Bc3
Ra2 $6 ({Can it was necessary to decide on exchange of rooks:} 40... Nd5 $5 41.
Bxb2 Nxc7 $14) 41. Bh3 {[%cal Gc3b4] '!' Ftacnik. Ftacnik: 'Excellent move
combining defense of the g2 pawn with aggressive ideas of Bb4.'} Ra4 (41... h5
{Ftacnik} 42. Bb4 (42. Ra7 {Ftacnik} g5 43. Rxa6 f5 44. Bxf5 Nxf5+ 45. Kh3 Ra4
$14) 42... h4+ 43. Kxh4 Ra4 44. Rxe7+ Kg6 45. Be6 Rxb4+ 46. g4 Ra4 47. Ra7 $1
Bd3 48. Kg3 Ra3 49. Bd5 $18) 42. Ra7 Bb5 43. Bf5 h5 44. h4 ({Conducts to more
concrete game:} 44. Bc2 h4+ 45. Kh3 Rf4 46. Bb3+ (46. Be4 $143 g5 {[%csl Re4]
[%cal Gg5g4]} 47. Bb4 g4+ 48. fxg4 Rxe4 49. Bxe7 Be2 $16) 46... Ke8 (46... Bc4
$2 47. g3) 47. Be6 $16) 44... Kf8 ({Much worse is:} 44... Rc4 45. Bb2 {[%csl
Re7][%cal Gb2a3]} Rf4 46. Be4 Ke6 47. Rb7 $18) 45. Ra8+ Kf7 46. Bc2 $1 {
Now rook is not kept in <->a.} Rf4 (46... Ra3 $2 47. Bb4 $18 {[%csl Re7][%cal
Ga8a7]}) 47. a6 $16 Bc6 48. Rd8 ({Also good enough:} 48. Rb8 $5 {[%cal Ga6a7]}
Nd5 49. Ba5 Ne3 $140 50. Rb7+ $1 {[%csl Ga6]} Ke6 51. Bb3+ Kf5 52. Rc7 Ba8 53.
Rc8 $18) 48... Nf5+ {'?' Ftacnik.} ({It was better:} 48... Rc4 $5 49. Bb3 Nf5+
50. Kh3 Ke7 {'!' Ftacnik.} 51. Bxc4 Kxd8 52. Ba5+ Kd7 53. Bb6 $16) 49. Bxf5
Rxf5 50. Rc8 $1 {An important intermediate move!} (50. a7 $143 e4 $1 51. Rc8 (
51. f4 $6 Rd5 {[%csl Rc3][%cal Gd5d3]}) (51. a8=Q $6 Bxa8 52. Rxa8 exf3 53.
gxf3 g5 {+/=/+/-}) 51... exf3 52. Rxc6 f2 53. a8=Q f1=Q 54. Rc7+ Kg6 55. Qe8+
Kh7 56. Qe4 $16) 50... Bd5 51. a7 Rf4 ({Now impossibly:} 51... e4 $2 {because
of:} 52. Rc5 {[%csl Ga7,Yd5][%cal Gc5d5]} exf3 53. Rxd5 $18) 52. a8=Q Bxa8 53.
Rxa8 {+/-/+- The win of white does not cause doubts.} Rc4 54. Bd2 {Ftacnik:
'White's position is technically winning, but Leko plays cautiosly not to
spoil the deserved point.'} Kg6 (54... Rc7 {Ftacnik} 55. Be3 Rd7 56. Ra7 $18)
55. Ra7 Rd4 56. Be3 Rc4 57. Rb7 Rc3 58. Bd2 Rc2 59. Ba5 Ra2 60. Bd8 Ra8 61. Bb6
Rc8 62. Rc7 Rb8 63. Bc5 Re8 64. Kf2 Rh8 65. Ke3 {[%cal Ge3e4,Ge4d5,Gd5e6] The
white king prepares for translation in camp of black.} Ra8 66. Kd3 Ra4 ({
Also there is no rescue,after:} 66... Ra5 67. Bf8 {[%csl Rg7]} (67. g4 $143
hxg4 68. fxg4 Ra4 69. Bf8 Rxg4 70. Rxg7+ Kh5 71. Rh7+ Kg6 72. Rh6+ $16) 67...
Ra8 68. Bxg7 $1 (68. Rxg7+ $143 Kh6 69. Rg3+ $1 (69. Rg8+ Kh7 70. Rg7+ Kh6 71.
Rf7+ Kg6 $11) 69... Rxf8 70. Ke4 $16 {[%csl Re5,Rf6][%cal Ge4f5,Gg3g6]}) 68...
Rd8+ (68... Rg8 69. Ke4 Rxg7 70. Rxg7+ Kxg7 71. Kf5 Kf7 72. g3 $1 Kg7 $140 73.
g4 hxg4 74. Kxg4 $1 Kg6 75. h5+ Kh6 76. Kf5 $18) 69. Ke3 $1 Rg8 70. Ke4 Rxg7 (
70... Ra8 71. Bxf6 Kxf6 72. Rc6+ Kg7 73. Kxe5 $18) 71. Rxg7+ Kxg7 72. Kf5 Kf7
73. g3 {-see 68...Rg8}) 67. g3 (67. Bf8 $143 Rxh4 68. Rxg7+ Kf5 $16) 67... Ra8
({Also loses:} 67... Ra1 68. Ke4 Rc1 (68... Re1+ 69. Kd5 Rf1 70. Ke6 Rxf3 71.
Bf8 {[%csl Rg7]}) 69. Bd6 Rd1 70. Bf8 Rd8 71. Rxg7+ $1 (71. Bxg7 $5 Rg8 $140
72. g4) 71... Kh6 72. Kf5 Rxf8 73. Rg6+ Kh7 74. Rxf6 Rg8 75. Rf7+ Kh8 (75...
Kh6 76. g4 {[%csl Rh6][%cal Gg4g5]}) 76. g4 e4 77. g5 $1 exf3 78. g6 Rg7 79.
Rf8+ Rg8 80. Rf6 {[%cal Gf5g5,Gg5h6]} Re8 81. Kg5 $18 {[%csl Rf3,Gg6,Rh5][%cal
Gg5h5,Gh5h6]}) 68. Ke4 Rh8 69. Kd5 (69. f4 $1 $18 {Ftacnik}) 69... Rd8+ 70. Ke6
{White has achieved the purpose! The rest is a matter of technics.} Ra8 71. Bd6
Re8+ 72. Be7 Ra8 73. Rb7 Ra6+ 74. Bd6 Ra8 75. f4 $1 exf4 76. gxf4 Ra6 (76...
Ra5 77. f5+ Kh7 78. Bf8 Re5+ 79. Kf7 Rd5 80. Re7 $1 $18 {[%cal Gf8g7]} (80.
Bxg7 $4 Rd7+ 81. Rxd7 $11)) 77. Rd7 Ra8 78. f5+ Kh7 79. Kf7 Ra4 80. Bf8 Rg4 81.
Bxg7 $1 {Final chord. Good achievement of GM Peter Leko.} (81. Bxg7 Rxg7+ 82.
Ke6 Rxd7 83. Kxd7 Kg8 84. Ke7 Kg7 85. Ke6 {[%csl Rf6]}) 1-0